| 000 | 00749nam a2200193Ia 4500 | ||
|---|---|---|---|
| 003 | GCL | ||
| 008 | 140319s9999 xx 000 0 ara d | ||
| 040 |
_aGCL / _cGCL |
||
| 082 | 0 | 4 |
_aم _b953.0903 _bس م |
| 100 | 1 | _aسهيل صابان | |
| 245 | 1 | 0 |
_aالمعجم الموسوعى للمصطلحات العثمانية التاريخية / _cسهيل صابان |
| 260 |
_aالرياض : _bمكتبة الملك فهد الوطنية ، _c2000 |
||
| 300 |
_a237 ص ؛ _c24 سم |
||
| 650 | 0 | 4 | _aالامبراطورية العثمانية |
| 650 | 0 | 4 | _aاللغة التركية |
| 650 | 0 | 4 | _aالعالم العربى - تاريخ - العصر العثمانى |
| 650 | 0 | 4 | _aتركيا - تاريخ - العصر الحديث |
| 942 |
_2ddc _cBK |
||
| 999 |
_c6932 _d6932 |
||